<?xml version="1.0" encoding="UTF-8"?>
<record
    xmlns:xsi="http://www.w3.org/2001/XMLSchema-instance"
    xsi:schemaLocation="http://www.loc.gov/MARC21/slim http://www.loc.gov/standards/marcxml/schema/MARC21slim.xsd"
    xmlns="http://www.loc.gov/MARC21/slim">

  <leader>01651nam a22002177a 4500</leader>
  <controlfield tag="005">20220706131438.0</controlfield>
  <controlfield tag="008">220706b           ||||| |||| 00| 0 eng d</controlfield>
  <datafield tag="020" ind1=" " ind2=" ">
    <subfield code="a">9781259030659</subfield>
  </datafield>
  <datafield tag="050" ind1=" " ind2=" ">
    <subfield code="a">HF5415.G75(3e)</subfield>
  </datafield>
  <datafield tag="100" ind1=" " ind2=" ">
    <subfield code="9">Grewal, Dhruv.</subfield>
  </datafield>
  <datafield tag="245" ind1=" " ind2=" ">
    <subfield code="a">Marketing /</subfield>
    <subfield code="c">Dhruv Grewal ...[et al.]</subfield>
  </datafield>
  <datafield tag="250" ind1=" " ind2=" ">
    <subfield code="a">3rd Canadian edition.</subfield>
  </datafield>
  <datafield tag="260" ind1=" " ind2=" ">
    <subfield code="a">Toronto :</subfield>
    <subfield code="b">McGraw-Hill / Ryerson,</subfield>
    <subfield code="c">2015.</subfield>
  </datafield>
  <datafield tag="300" ind1=" " ind2=" ">
    <subfield code="a">xxix + various pagings </subfield>
    <subfield code="b">ill. ;</subfield>
    <subfield code="c">29 cm.</subfield>
  </datafield>
  <datafield tag="500" ind1=" " ind2=" ">
    <subfield code="a">Includes index.</subfield>
  </datafield>
  <datafield tag="505" ind1=" " ind2=" ">
    <subfield code="a">Contents : Section one : Assessing the marketplace : Overview of marketing -- Developing marketing strategies and a marketing plan --- Analyzing the marketing environment -- Section two : Understanding the marketplace : Consumer behaviour -- Business-to-business marketing -- Section three : Targeting the marketplace : Segmentation, targeting, and positioning -- Marketing research -- Section four : Value creation : Developing new products -- Product, branding, and packaging decisions -- Services : the intangible product -- Section five :Transacting value : Pricing concepts and strategies : establishing value -- Section six : Value delivery : designing the distribution channel and supply chain : Distribution channels -- Retailing and multichanneled marketing -- Section seven : Value communication : Integrated marketing communications -- Advertising, sales promotions, and personal selling -- Social and mobile marketing -- Section eight : Marketing in the global environment : Globa, marketing -- Ethics and socially responsible marketing   </subfield>
  </datafield>
  <datafield tag="700" ind1=" " ind2=" ">
    <subfield code="a">Levy, Michael.</subfield>
  </datafield>
  <datafield tag="700" ind1=" " ind2=" ">
    <subfield code="a">Light, Shirley.</subfield>
  </datafield>
  <datafield tag="700" ind1=" " ind2=" ">
    <subfield code="a">Persaud, Ajax.</subfield>
  </datafield>
  <datafield tag="942" ind1=" " ind2=" ">
    <subfield code="2">lcc</subfield>
    <subfield code="c">BK</subfield>
  </datafield>
  <datafield tag="999" ind1=" " ind2=" ">
    <subfield code="c">9053</subfield>
    <subfield code="d">16553</subfield>
  </datafield>
  <datafield tag="952" ind1=" " ind2=" ">
    <subfield code="0">0</subfield>
    <subfield code="1">0</subfield>
    <subfield code="2">lcc</subfield>
    <subfield code="4">0</subfield>
    <subfield code="7">0</subfield>
    <subfield code="a">WIUC-1</subfield>
    <subfield code="b">WIUC-1</subfield>
    <subfield code="c">REF</subfield>
    <subfield code="d">2022-07-06</subfield>
    <subfield code="l">0</subfield>
    <subfield code="o">HF5415.G75(3e)</subfield>
    <subfield code="p">8625/077/20</subfield>
    <subfield code="r">2022-07-06 00:00:00</subfield>
    <subfield code="t">1</subfield>
    <subfield code="w">2022-07-06</subfield>
    <subfield code="y">BK</subfield>
  </datafield>
</record>
